| 000 | 00982cam a2200301 a 4500 | ||
|---|---|---|---|
| 005 | 20260322212100.0 | ||
| 008 | data | ||
| 010 | _a 97065302 | ||
| 020 | _a1560524286 | ||
| 020 | _a9781560524281 | ||
| 040 |
_aOOxM _cOOxM _dDLC _dDLC |
||
| 042 | _alccopycat | ||
| 050 | 0 | 4 |
_aHF5549.5.E42 _bT66 1996 |
| 082 | 0 | 0 |
_a658.3/045 _221 |
| 092 | _a658.3045 T66 1996 | ||
| 100 | 1 | _aTompkins, Neville C. | |
| 245 | 1 | 0 |
_aManaging employee performance problems / _cNeville C. Tompkins. |
| 260 |
_aMenlo Park, Calif. : _bCrisp, _cc1997. |
||
| 300 |
_av, 152 p. ; _c24 cm. |
||
| 650 | 0 | _aProblem employees. | |
| 650 | 0 | _aPersonnel management. | |
| 856 | 7 |
_3Table of contents _uhttp://lcweb.loc.gov/catdir/toc/97-65302.html _2http |
|
| 906 |
_a7 _bcbc _ccopycat _d2 _eopcn _f19 _gy-gencatlg |
||
| 922 | _aco | ||
| 991 |
_bc-GenColl _hHF5549.5.E42 _iT66 1996 _tCopy 1 _wBOOKS |
||
| 001 | data | ||
| 999 |
_c1437 _d1437 |
||